000 00646nam a2200205Ia 4500
003 GCL
008 140319s9999 xx 000 0 ara d
040 _aGCL /
_cGCL
082 0 4 _aد
_b050
100 1 _aابواليزيد على المتيت
245 1 0 _aالمحاماة فى المجتمع الاشتراكى ( اقرا 258 ) /
_cابواليزيد على المتيت
300 _a102 ص
490 _aوثائق ونصوص
_v0
650 0 4 _aالمحاماة
650 0 4 _aالمحامون
650 0 4 _aالمهن
650 0 4 _aالاخلاق القانونية
650 0 4 _aالاشتراكية الوطنية
942 _2ddc
_cCF
999 _c27325
_d27325